Automerkkien logoja #2 - Statistics

Yleistilastot
  • Tätä visaa on pelattu 2 184 kertaa
  • Keskiarvotulos 14 / 20
Vastaustilastot
Kuvavisa Vastaus % Oikein
BMW
98%
Mercedes-Benz
97%
Tesla
97%
Toyota
97%
Jaguar
94%
Skoda
91%
Opel
89%
Nissan
88%
Citroën
83%
Volvo
83%
Subaru
80%
Bentley
74%
Suzuki
72%
Lamborghini
71%
Mini
66%
Maserati
45%
Mustang
44%
Acura
23%
Lincoln
18%
Scion
8%
Ehtoja vastaavia visoja ei löytynyt
Tulosjakauma
Jokaisen tuloksen saaneiden osuus
Persentiili vastausten määrän mukaan
Tuloshistoriasi
Et ole pelannut tätä visaa